000 00421pab a2200169 454500
008 180718b1997 xxu||||| |||| 00| 0 eng d
100 _aChandra, Jag Parvesh
245 _aLaws vs citizen: agency to police the police
260 _c1997
300 _ap.13
362 _a11 May
650 _acivil and political rights
650 _aPolice - India
650 _aPolice
773 _aHindustan Times
909 _a34928
999 _c34928
_d34928